000 00442nmm a2200145Ia 4500
008 251105s9999||||xx |||||||||||||||||und||
041 _aspa
100 _aLeblanc, Maurice
245 0 _aEl tapón de cristal
264 _a[Madrid, España] :
_bCiudad de Libros,
_c[Fecha de publicación no identificada]
300 _a0 páginas
650 _aThriller & Suspense
856 _uhttps://public.digitaliapublishing.com/a/82427
942 _cCF
999 _c103965
_d103965